Differential Equations and Linear Algebra (Record no. 3445)

MARC details
005 - DATE AND TIME OF LATEST TRANSACTION
control field 20250623113856.0
020 ## - INTERNATIONAL STANDARD BOOK NUMBER
International Standard Book Number 0-13-148146-0
082 ## - DEWEY DECIMAL CLASSIFICATION NUMBER
Classification number LM 515.353 EDW
100 ## - MAIN ENTRY--PERSONAL NAME
Author name EDWARDS, C. H.
245 ## - TITLE STATEMENT
Title Differential Equations and Linear Algebra
250 ## - EDITION STATEMENT
Edition statement 2nd Ed.
260 ## - PUBLICATION, DISTRIBUTION, ETC.
Place of publication, distribution, etc. New Jersey,
Name of publisher, distributor, etc. Pearson & Prentice Hall,
Date of publication, distribution, etc. 1975.
300 ## - PHYSICAL DESCRIPTION
Extent xv,759p.Ill.; figure & table.
Other physical details Index
Dimensions 26cm.
700 ## - ADDED ENTRY--PERSONAL NAME
Other authors/Editors PENNY, D.
856 ## - ELECTRONIC LOCATION AND ACCESS
Link text Access Online Book
Electronic name Differential Equations and Linear Algebra
Path www.prenhall.com
942 ## - ADDED ENTRY ELEMENTS (KOHA)
Source of classification or shelving scheme Dewey Decimal Classification
Koha item type Books
Holdings
Date last seen Total checkouts Full call number Barcode Cost, replacement price Price effective from Koha item type Lost status Source of classification or shelving scheme Damaged status Not for loan Withdrawn status Home library Current library Shelving location Date acquired Cost, normal purchase price
06/07/2025   LM 515.353 EDW 00000010810 427500.00 06/07/2025 Books   Dewey Decimal Classification       College of Business Education Main Library College of Business Education Main Library General Collection 04/22/2005 142500.00
06/07/2025   LM 515.353 EDW 00000010811 427500.00 06/07/2025 Books   Dewey Decimal Classification       College of Business Education Main Library College of Business Education Main Library General Collection 04/22/2005 142500.00
06/07/2025   LM 515.353 EDW 00000010812 427500.00 06/07/2025 Books   Dewey Decimal Classification       College of Business Education Main Library College of Business Education Main Library Special Reserve Collection 04/22/2005 142500.00